| 000 | 01482cam a22002054a 4500 | ||
|---|---|---|---|
| 005 | 20250605164242.0 | ||
| 008 | 250528s ||||||||||||||||||||||||d | ||
| 035 | _a21367 | ||
| 020 | _a9789602183243 | ||
| 040 |
_aGR-AtMCL _bgre _dGR-AtMCL _eAACR2 |
||
| 245 | 1 | _aΕισαγωγή στη Δημόσια Οικονομική | |
| 250 | _a1η | ||
| 260 |
_bΕκδόσεις Κριτική - Επιστημονική Βιβλιοθήκη, _c2003 |
||
| 300 | _a360 | ||
| 520 | _aΣτο παρόν βιβλίο αυτό περιγράφονται ο ρόλος και οι λειτουργίες του σύγχρονου κράτους στον οικονομικό τομέα. Πρόλογος, Ο Ρόλος του Δημόσιου και του Ιδωτικού Τομέα στη Σύγχρονη Οικονομία, Κρατικός Παρεμβατισμός και Κατά Pareto Αριστοποίηση, Δημόσια Αγαθά και Εξωτερικές Οικονομίες, Δημόσιες Επιχειρήσεις, Κρατικός Προϋπολογισμός, Γενική Θεωρία των Φόρων, Οι Επιπτώσεις των Φόρων, Δημόσιες Δαπάνες, Ανάλυση Κόστους - Οφέλους, Δημοσιονομική Πολιτική Σταθεροποίησης και Μεγέθυνσης, Σύνοψη. | ||
| 700 | 1 |
_aΔαλαμάγκας Βασίλειος _94712 |
|
| 942 | _cBK | ||
| 999 |
_c6431 _d6431 |
||